Enemies of Rome - Statistics

General Stats
  • This quiz has been taken 25 times
  • The average score is 8 of 13
Answer Stats
Hint Answer % Correct
Carthaginian general that crossed the Alps on elephant back; crushed countless Roman armies throughout the Second Punic War before being defeated by Scipio Africanus at the Battle of Zama Hannibal
95%
king of the Huns that terrorized the Eastern and Western Roman Empires for years Attila the Hun
90%
rogue Roman proconsul that led his army across the Rubicon, won the Civil War against Pompey and his allies, and installed himself as dictator for life of Rome Julius Caesar
86%
escaped gladiator that led a slave rebellion throughout Italy before being killed by Crassus's army in the Battle of the Silarius River Spartacus
86%
Macedonian king that allied with Carthage and fought Rome during the Second Punic War Philip V
76%
Gallic chieftain that led a coalition of tribes against Rome until losing the Battle of Alesia Vercingetorix
76%
the king of Epirus; defeated Roman armies while also suffering unsustainable amounts of casualties Pyrrhus
71%
Germanic chieftain that ambushed and slaughtered three Roman legions that the Battle of Teutoberg Forest Arminius
67%
Ottoman emperor that sacked Constantinople and snuffed out the final remnants of the Roman (Byzantine) Empire Mehmed II
62%
the king of Pontus; ingested small doses of poison constantly to make himself immune Mithradates VI
43%
Visigothic king that sacked Rome Alaric
33%
Roman senator that convinced Emperor Tiberius to kill his own son in an effort to slowly seize power for himself; was ultimately overthrown and executed Sejanus
24%
rogue Roman general that fought with Marius in the Social War and continued fighting guerilla battles in Hispania years after Sulla won the war Sertorius
19%
No matching quizzes found
Score Distribution
Percent of People with Each Score
Percentile by Number Answered
Your Score History
You have not taken this quiz